| 000 | 00946nam a22003017a 4500 | ||
|---|---|---|---|
| 003 | CHAP | ||
| 005 | 20220329143721.0 | ||
| 008 | 110404s1994 mx r 00010 spa d | ||
| 010 | _a100845 | ||
| 011 | _a101817 | ||
| 020 | _a9688342602 | ||
| 035 | _a112505 | ||
| 040 | _cCHAP | ||
| 082 | 0 | 4 |
_a972.62 _bEs88 |
| 100 | 1 |
_aEstrada y Zenea, Ildefonso. _938449 |
|
| 245 | 1 | 3 |
_aLa heroica ciudad de Veracruz _c/por Ildefonso Estrada y Zenea |
| 260 |
_aXalapa, Méx. : _bUniversidad Veracruzana, _c1994 |
||
| 300 |
_a97 p. : _bilus. |
||
| 590 |
_aBATCH-UPD _b10 _c20130110 _lUCH01 _h1705 |
||
| 590 |
_aBATCH-UPD _b10 _c20130410 _lUCH01 _h1052 |
||
| 590 |
_aBATCH-UPD _b10 _c20130914 _lUCH01 _h1328 |
||
| 590 |
_aCONVERSION _b10 _c20130109 _lUCH01 _h1356 |
||
| 650 | 1 | 4 |
_aVeracruz _xGeografía. _9118813 |
| 650 | 1 | 4 |
_aVeracruz _xHistoria. _9118814 |
| 901 | _aBK | ||
| 942 | _cLIBRO | ||
| 949 |
_a972.62 _bBC _cLIBRO _d33724002236025 _eLIBRO _h114586 _i112505 _sb |
||
| 999 |
_c100845 _d100845 |
||